Statistiken für Die meisten bevölkerten 2100

Klicken Sie hier um das Quiz zu spielen!

Allgemein

  • Dieses Quiz wurde 159 mal gespielt
  • Das Durchschnittsergebnis liegt bei 15 aus 20

Antwortstatistiken

BevölkerungLand% Korrekt
1 MilliardeChina
100%
1.7 MilliardeIndien
99%
450.4 MillionVereinigte Staaten
99%
200.3 MillionBrasilien
98%
209.3 MillionNiger
90%
752.2 MillionNigeria
87%
242.6 MillionIndonesien
84%
169.5 MillionBangladesch
81%
388.7 MillionDemokratische Republik Kongo
81%
148.4 MillionMexiko
81%
364.2 MillionPakistan
80%
200.8 MillionÄgypten
78%
242.6 MillionÄthiopien
73%
299.1 MillionTansania
58%
156.9 MillionKenia
54%
138.7 MillionAngola
51%
168.6 MillionPhilippinen
46%
163.9 MillionIrak
40%
127.6 MillionMosambik
37%
202.9 MillionUganda
37%

Verteilung der Resultate

Perzentil nach korrekt beantworteten Fragen

Anzahl Personen mit jedem Resultat

Ihre Resultats-Entwicklung

Sie haben dieses Quiz noch nicht gespielt